|
|
|
|
| LEADER |
00916nam a2200205 a 4500 |
| 001 |
00024888 |
| 008 |
120403s2011 bg l000 0 ben |
| 020 |
|
|
|a 9847000000095
|
| 040 |
|
|
|a DB-DhAAL
|c DB-DhAAL
|
| 082 |
0 |
0 |
|a 181/.15
|2 22
|
| 100 |
1 |
|
|a সরকার, যতীন
|
| 245 |
1 |
0 |
|a পাকিস্তানের জন্মমৃত্যু-দর্শন /
|c যতীন সরকার
|
| 260 |
|
|
|a ঢাকা :
|b জাতীয় সাহিত্য প্রকাশ,
|c ২০১১.
|
| 300 |
|
|
|a ৪৫৩ পৃ. ;
|c ২২ সে.মি.
|
| 541 |
|
|
|e 00024888
|
| 650 |
|
0 |
|a Philosophy, Pakistani.
|
| 651 |
|
0 |
|a Pakistan
|x Politics and government.
|
| 852 |
1 |
|
|a Ayesha Abed Library
|c General Shelf.
|
| 999 |
|
|
|c 12066
|d 12066
|
| 952 |
|
|
|0 0
|1 0
|2 ddc
|4 0
|6 181_150000000000000_SAR
|7 0
|9 19879
|a BRACUL
|b BRACUL
|c GEN
|d 2012-04-03
|e Bidita
|g 400.00
|l 6
|m 12
|o 181.15 SAR
|p 3010024888
|r 2018-01-24
|s 2017-12-17
|t 1
|w 2012-04-03
|y BK
|